Statistiken für Länder Naher Osten

Klicken Sie hier um das Quiz zu spielen!

Allgemein

  • Dieses Quiz wurde 118 mal gespielt
  • Das Durchschnittsergebnis liegt bei 18 aus 20

Antworten auf der Karte

Die Antworten werden auf der Karte rot bzw. grün angezeigt, abhängig davon wie oft sie richtig erraten wurden.
 

Antwortstatistiken

Antwort% Korrekt
Irak
96%
Iran
96%
Türkei
96%
Saudi Arabien
94%
Israel
93%
Syrien
92%
Katar
91%
Oman
91%
Jemen
89%
Jordanien
87%
Vereinigte Arabische Emirate
87%
Afghanistan
86%
Zypern
85%
Georgien
84%
Pakistan
84%
Kuwait
82%
Libanon
82%
Armenien
81%
Bahrain
81%
Aserbaidschan
79%

Verteilung der Resultate

Perzentil nach korrekt beantworteten Fragen

Anzahl Personen mit jedem Resultat

Ihre Resultats-Entwicklung

Sie haben dieses Quiz noch nicht gespielt